| 000 | 00665nam a22002297a 4500 | ||
|---|---|---|---|
| 005 | 20170123162317.0 | ||
| 010 | _a884820 | ||
| 020 | _c00.00 | ||
| 035 | _a884820 | ||
| 037 | _bCen Lib/Ret | ||
| 040 |
_aDPL _bUR |
||
| 082 |
_a841 _bز ف ر |
||
| 100 |
_aظفر _9108380 |
||
| 245 |
_aگُلِ نغمہ : _cظفر _bفراق گوراخپاری / |
||
| 246 |
_aGul-e-naghma : Firaq Gorakhapuri / _bby Zafar |
||
| 300 |
_a302p. _c21cm(Hb) |
||
| 650 |
_aاردو ادب _v _9114932 |
||
| 650 |
_aاردونظم _9114933 |
||
| 650 |
_aUrdu literature _9114934 |
||
| 650 |
_aUrdu poetry _9114935 |
||
| 942 |
_2ddc _cUR _h841 _mز ف ر |
||
| 999 |
_c106776 _d106776 |
||